| 000 | 00493nam a22001697a 4500 | ||
|---|---|---|---|
| 003 | OSt | ||
| 005 | 20160419164911.0 | ||
| 008 | 1604 s2016 spc ||||||||||000 0dcat|c | ||
| 020 | _a9788416154555 | ||
| 040 |
_bcat _cCDMR |
||
| 100 | 1 |
_aTeixidor i Colomer, Anna _d1978- _93304 |
|
| 245 | 1 | 0 |
_aCombatents en nom d'Al·là _b: de Catalunya al Gihad _cAnna Teixidor Colomer |
| 260 |
_aBarcelona _bAra Llibres _c2016 |
||
| 300 |
_a235 p. ; _c24 cm |
||
| 650 | 7 |
_aGihad _zCatalunya _2lemac |
|
| 942 | _cMON | ||
| 999 |
_c6926 _d6926 |
||